MARC

LEADER 00000nam0a2200000 4500
001 272145
005 20231101234514.0
035 |a (RuTPU)RU\TPU\book\295350 
090 |a 272145 
100 |a 20141015d1967 k y0rusy50 ca 
101 0 |a rus 
102 |a RU 
105 |a a z 001zy 
200 1 |a Технология глубокого бурения в осложненных условиях  |f П. И. Колесников [и др.] 
210 |a Москва  |c Недра  |d 1967 
215 |a 212 с.  |c черт. 
320 |a Библиогр.: с. 209-210. 
606 1 |a Буровое дело  |2 stltpush  |3 (RuTPU)RU\TPU\subj\30514  |9 53616 
610 1 |a глубокое бурение 
610 1 |a технология 
610 1 |a глубокие скважины 
610 1 |a геолого-технические мероприятия 
610 1 |a турбобуры 
610 1 |a испытания 
610 1 |a промывочные жидкости 
610 1 |a крепление 
610 1 |a скважины 
610 1 |a технологические свойства 
610 1 |a обсадные колонны 
610 1 |a цементирование 
610 1 |a пласты 
610 1 |a вскрытие 
610 1 |a освоение 
675 |a 622.24.014  |v 3 
701 1 |a Колесников  |b П. И.  |g Павел Игнатьевич 
701 1 |a Красюк  |b А. Д. 
701 1 |a Челомбиев  |b Б. К. 
701 1 |a Мнацаканов  |b А. В. 
701 1 |a Муняев  |b В. М. 
701 1 |a Пахомов  |b В. С. 
701 1 |a Сиротинский  |b Н. А. 
801 1 |a RU  |b 63413507  |c 20141015 
801 2 |a RU  |b 63413507  |c 20190620  |g RCR 
942 |c BK